| 000 | 00507nam a22001577a 4500 | ||
|---|---|---|---|
| 999 |
_c534133 _d534133 |
||
| 020 | _qHard Cover. | ||
| 082 | _a660.01 | ||
| 100 | _aJaved, Hijab | ||
| 245 |
_aCloning and Mutational Analysis of HBx Gene from the blood of HBV Infected Patients / _cHijab Javed. |
||
| 260 |
_aIslamabad : _bASAB - NUST, _c2016. |
||
| 300 | _c30cm. | ||
| 942 |
_2ddc _cTHE |
||
| 650 |
_aHealthcare Biotechnolgy MS-Thesis. _928279 |
||
| 700 |
_aDr. Hajra Sadia. _927674 |
||